| 000 | 00625nam a22002057a 4500 | ||
|---|---|---|---|
| 001 | 0012531471 | ||
| 003 | DO-SdBNP | ||
| 005 | 20180216110513.0 | ||
| 007 | 0012531471 | ||
| 008 | 161208b 1990 cu a ||||| |||| 00| 0 spa d | ||
| 040 |
_aBPMSU _bspa _cBPMSU |
||
| 100 | 1 | _aOrlowski, Yu M. | |
| 245 | 1 | 0 |
_aEl contramaestre y el loro / _c Yu M. Orlovski ; traducción, Natalia Labzovskaya |
| 260 |
_aLa Habana : _bGente Nueva, _c1990 |
||
| 300 |
_a20 p. : _bil. ; _c20 cm. |
||
| 700 | 1 | 2 |
_aLabzovskaya, Natalia, _etr. |
| 942 |
_2ddc _cBK |
||
| 945 | _aInventariado, 2018/MFF | ||
| 956 |
_2LOPEREZ _310 _620161208 _8BPMSU _a00041 |
||
| 999 |
_c12363 _d12363 |
||